(Khmer) Imei and her dragons / (Record no. 50033)
| 000 -LEADER | |
|---|---|
| fixed length control field | 00358nam a2200121 4500 |
| 020 ## - INTERNATIONAL STANDARD BOOK NUMBER | |
| International Standard Book Number | 9789995054526 |
| 245 ## - TITLE STATEMENT | |
| Title | (Khmer) Imei and her dragons / |
| Statement of responsibility, etc | Henriette Bichonnier. |
| 260 ## - PUBLICATION, DISTRIBUTION, ETC. (IMPRINT) | |
| Place of publication, distribution, etc | Cambodia: |
| Name of publisher, distributor, etc | Sipar; |
| Date of publication, distribution, etc | 2024. |
| 300 ## - PHYSICAL DESCRIPTION | |
| Extent | 36 p. |
| Other physical details | col. ill. |
| Dimensions | 24 cm. |
| 490 ## - SERIES STATEMENT | |
| Series statement | I want to read; |
| 700 ## - ADDED ENTRY--PERSONAL NAME | |
| Relator code | illustrator. |
| Personal name | Frederick Mansot. |
| 9 (RLIN) | 87059 |
| 942 ## - ADDED ENTRY ELEMENTS (KOHA) | |
| Source of classification or shelving scheme | |
| Koha item type | Khmer Fic Books |
| Withdrawn status | Lost status | Source of classification or shelving scheme | Damaged status | Not for loan | Collection code | Home library | Current library | Date acquired | Total Checkouts | Full call number | Barcode | Date last seen | Date checked out | Price effective from | Koha item type |
|---|---|---|---|---|---|---|---|---|---|---|---|---|---|---|---|
| Siem Riep | Asian Hope Secondary Library | Asian Hope Secondary Library | 01/13/2026 | 4 | KHMER J FIC BIC | 210157 | 04/28/2026 | 04/21/2026 | 01/13/2026 | Khmer Fic Books |